Statistics for Oceania Territories And The Countries That Govern Them

Click here to take the quiz!

General Stats

  • This quiz has been taken 33 times
  • The average score is 8 of 9

Answer Stats

HintAnswer% Correct
New CaledoniaFrance
100%
GuamUSA
97%
Christmas IslandAustralia
94%
Norfolk IslandAustralia
94%
Pitcairn IslandsUK
91%
Cook IslandsNew Zealand
88%
Wallis and FutunaFrance
88%
NiueNew Zealand
84%
TokelauNew Zealand
84%

Score Distribution

Percentile by Number Answered

Percent of People with Each Score

Your Score History

You have not taken this quiz